000 00353nam a2200133Ia 4500
008 240624s9999 xx 000 0 und d
041 _aeng
082 _a650.1 TEM
100 _aTEMPLAR RICHARD
245 _aHOW TO GET THINGS DONE WITHOUT TRYING TO
260 _c2011
_aLondon
_bPrentice Hall Life
300 _axii, 211 p.; 17 cm.
365 _cBPS
_b30
999 _c30304
_d30304